NBA Players With Most Playoffs Campaigns - Statistics

General Stats
  • This quiz has been taken 502 times
    280 since last reset
  • The average score is 23 of 44
Answer Stats
# Player Main Team Last % Correct
19 Karl Malone Jazz 2004
99%
18 LeBron James Cavaliers 2025
99%
19 John Stockton Jazz 2003
98%
18 Tim Duncan Spurs 2016
97%
18 Kareem Abdul-Jabbar Lakers 1989
96%
17 Tony Parker Spurs 2018
95%
15 Kobe Bryant Lakers 2012
93%
17 Shaquille O'Neal Lakers 2011
93%
17 Jason Kidd Nets 2013
85%
16 James Harden Rockets 2025
80%
15 Clyde Drexler Trail Blazers 1998
77%
16 Scottie Pippen Bulls 2003
75%
15 Manu Ginóbili Spurs 2018
74%
15 Reggie Miller Pacers 2005
73%
15 Hakeem Olajuwon Rockets 2002
72%
15 Dirk Nowitzki Mavericks 2016
69%
14 Jermaine O'Neal Pacers 2014
69%
15 Gary Payton SuperSonics 2007
68%
15 Chris Paul Clippers 2023
66%
14 Patrick Ewing Knicks 2002
66%
14 Russell Westbrook Thunder 2025
59%
14 Kevin Garnett Timberwolves 2014
58%
16 Al Horford Hawks 2025
56%
14 Paul Pierce Celtics 2017
55%
16 Derek Fisher Lakers 2014
50%
16 Robert Parish Celtics 1997
50%
15 Andre Iguodala Warriors 2022
43%
16 Robert Horry Lakers 2008
38%
17 Clifford Robinson Trail Blazers 2007
29%
14 Rasheed Wallace Trail Blazers 2010
24%
14 Buck Williams Trail Blazers 1998
22%
16 Terry Porter Trail Blazers 2002
17%
15 Charles Oakley Knicks 2001
15%
14 Patty Mills Spurs 2025
15%
14 Vlade Divac Kings 2004
15%
14 Dale Davis Pacers 2007
13%
14 Mark Jackson Knicks 2004
12%
14 Detlef Schrempf SuperSonics 2001
11%
14 Dolph Schayes Nationals 1963
11%
14 Kyle Korver Hawks 2020
8%
15 Jerome Kersey Trail Blazers 2000
4%
15 Sam Perkins SuperSonics 2001
4%
14 Paul Silas Hawks 1980
0%
15 Tree Rollins Hawks 1995
0%
No matching quizzes found
Score Distribution
Percent of People with Each Score
Percentile by Number Answered
Your Score History
You have not taken this quiz since the last reset